The inclusive classroom : (Record no. 11973)

000 -LEADER
fixed length control field 02015cam a22003494a 4500
001 - CONTROL NUMBER
control field 14094088
005 - DATE AND TIME OF LATEST TRANSACTION
control field 20171013020052.0
008 - FIXED-LENGTH DATA ELEMENTS--GENERAL INFORMATION
fixed length control field 050831s2007 njua b 001 0 eng
010 ## - LIBRARY OF CONGRESS CONTROL NUMBER
LC control number 2005025501
020 ## - INTERNATIONAL STANDARD BOOK NUMBER
International Standard Book Number 0131540688
035 ## - SYSTEM CONTROL NUMBER
System control number (OCoLC)ocm61456642
040 ## - CATALOGING SOURCE
Original cataloging agency DLC
Transcribing agency DLC
Modifying agency YDX
-- BAKER
-- N#Z
-- EYE
-- DLC
042 ## - AUTHENTICATION CODE
Authentication code pcc
043 ## - GEOGRAPHIC AREA CODE
Geographic area code n-us---
050 00 - LIBRARY OF CONGRESS CALL NUMBER
Classification number LC1201
Item number .M37 2007
082 00 - DEWEY DECIMAL CLASSIFICATION NUMBER
Classification number 371.9/046
Edition number 22
100 1# - MAIN ENTRY--PERSONAL NAME
Personal name Mastropieri, Margo A.,
Dates associated with a name 1951-
245 14 - TITLE STATEMENT
Title The inclusive classroom :
Remainder of title strategies for effective instruction /
Statement of responsibility, etc. Margo A. Mastropieri, Thomas E. Scruggs.
250 ## - EDITION STATEMENT
Edition statement 3rd ed.
260 ## - PUBLICATION, DISTRIBUTION, ETC. (IMPRINT)
Place of publication, distribution, etc. Upper Saddle River, N.J. :
Name of publisher, distributor, etc. Pearson/Merrill Prentice Hall,
Date of publication, distribution, etc. c2007.
300 ## - PHYSICAL DESCRIPTION
Extent xxii, 474 p. :
Other physical details col. ill. ;
Dimensions 28 cm. +
Accompanying material 1 CD-ROM (4 3/4 in.)
504 ## - BIBLIOGRAPHY, ETC. NOTE
Bibliography, etc Includes bibliographical references (p. 423-457) and indexes.
505 0# - FORMATTED CONTENTS NOTE
Formatted contents note Introduction to Inclusive Teaching -- Collaboration: Partnerships and Procedures -- Teaching Students with Higher-Incidence Disabilities -- Lower Incidence Disabilities -- Teaching Students with Other Special Learning Needs -- Effective Instruction for all Students -- Improving Classroom Behavior and Social Skills -- Promoting Inclusion with Classroom Peers -- Enhancing Motivation and Affect -- Improving Attention and Memory -- Teaching Study Skills -- Assessment -- Literact -- Mathematics -- Science and Social Studies -- Art, Music, Physical Education, Foreign Languages, and Career and Technical Education -- Transitions.
650 #0 - SUBJECT ADDED ENTRY--TOPICAL TERM
Topical term or geographic name as entry element Inclusive education
Geographic subdivision United States.
650 #0 - SUBJECT ADDED ENTRY--TOPICAL TERM
Topical term or geographic name as entry element Mainstreaming in education
Geographic subdivision United States.
650 #0 - SUBJECT ADDED ENTRY--TOPICAL TERM
Topical term or geographic name as entry element Classroom management
Geographic subdivision United States.
700 1# - ADDED ENTRY--PERSONAL NAME
Personal name Scruggs, Thomas E.,
Dates associated with a name 1948-
856 41 - ELECTRONIC LOCATION AND ACCESS
Materials specified Table of contents
Uniform Resource Identifier <a href="http://www.loc.gov/catdir/toc/ecip0518/2005025501.html">http://www.loc.gov/catdir/toc/ecip0518/2005025501.html</a>
906 ## - LOCAL DATA ELEMENT F, LDF (RLIN)
a 7
b cbc
c orignew
d 1
e ecip
f 20
g y-gencatlg
942 ## - ADDED ENTRY ELEMENTS (KOHA)
Source of classification or shelving scheme
Koha item type Hard Covered Materials
Classification part LC 1201 .M37 2007
Koha issues (borrowed), all copies 2
Holdings
Withdrawn status Lost status Source of classification or shelving scheme Damaged status Not for loan Home library Current library Shelving location Date acquired Source of acquisition Total Checkouts Full call number Barcode Date last seen Date last checked out Price effective from Koha item type
          MACHAKOS UNIVERSITY LIBRARY MACHAKOS UNIVERSITY LIBRARY Open shelf 13/07/2016 Donation (BFA) 2 LC 1201 .M37 2007 21139 23/01/2019 12/10/2017 13/07/2016 Hard Covered Materials
© Machakos University Library, Along The Highway, Machakos Wote Rd, Machakos, Kenya P.O. Box 136 - 90100 Machakos - Kenya

Tel: ( +254 ) 723 805829 OR Fax : 044-20353 OR Email: library@mksu.ac.ke